000 00409nam a2200133Ia 4500
008 171212s9999 xx 000 0 und d
020 _a9780874215502
100 _aSchneider, William
245 _cSchneider, William
_aSo They Understand
260 _bUniversity Press of Colorado
_c2002
650 _aOral tradition; Oral history
650 _aSociology
856 _uwww.jstor.org/stable/10.2307/j.ctt46nz4x
999 _c353176
_d353176